Problems and worked solutions in vector analysis. (Record no. 543830)
[ view plain ]
| 000 -LEADER | |
|---|---|
| fixed length control field | 00551cam a22001451 4500 |
| 082 ## - DEWEY DECIMAL CLASSIFICATION NUMBER | |
| Classification number | 515.63 |
| Author Mark | SHO |
| -- | D |
| 100 1# - MAIN ENTRY--PERSONAL NAME | |
| Personal name | Shorter, L. R. |
| 9 (RLIN) | 39328 |
| 245 10 - TITLE STATEMENT | |
| Title | Problems and worked solutions in vector analysis. |
| Statement of responsibility, etc. | L.R Shorter |
| 260 ## - PUBLICATION, DISTRIBUTION, ETC. | |
| Place of publication, distribution, etc. | New York : |
| Name of publisher, distributor, etc. | Dover Publications |
| Date of publication, distribution, etc. | 1961 |
| 300 ## - PHYSICAL DESCRIPTION | |
| Extent | 356 p. : |
| Other physical details | illus. |
| Dimensions | 21 cm. |
| 500 ## - GENERAL NOTE | |
| General note | "Unabridged and unaltered republication of the work first published ... in 1931 under the former title: Introduction to vector analysis." |
| 526 ## - STUDY PROGRAM INFORMATION NOTE | |
| Program name | 0 |
| Interest level | 0 |
| Reading level | 0 |
| Title point value | 515_630000000000000_SHO |
| 650 #0 - SUBJECT ADDED ENTRY--TOPICAL TERM | |
| Topical term or geographic name entry element | MCE |
| 9 (RLIN) | 379 |
| 942 ## - ADDED ENTRY ELEMENTS (KOHA) | |
| Source of classification or shelving scheme | |
| Koha item type | Book |
| Withdrawn status | Lost status | Source of classification or shelving scheme | Damaged status | Not for loan | Permanent Location | Current Location | Date acquired | Total Checkouts | Full call number | Barcode | Date last seen | Price effective from | Koha item type |
|---|---|---|---|---|---|---|---|---|---|---|---|---|---|
| Military College of Engineering (MCE) | Military College of Engineering (MCE) | 04/03/2014 | 515.63 SHO | MCE-42670 | 04/03/2014 | 04/03/2014 | Book |
